Súčasné možnosti implementácie teórie Gate-Keeper v sektore obchodu

Spojitosť teórie gate - keeper a nákupnej sily obchodných reťazcov. Etapa vývoja obchodu v spojitosti s teóriou gate - keeper prináša nasledovné závery - nadnárodné obchodné reťazce sú výsledkom koncentrácie, internacionalizácie a globalizácie v obchode.

Salvato in:
Dettagli Bibliografici
Autore principale: Folvarčíková, Lucia, 1982-
Natura: Capitolo di libro
Lingua:slovacco
Soggetti:
Tags: Aggiungi Tag
Nessun Tag, puoi essere il primo ad aggiungerne!!

MARC

LEADER 00000nla a2200000 4500
001 0181038
005 20240502083426.3
041 0 |a slo 
044 |a CZ 
245 1 0 |a Súčasné možnosti implementácie teórie Gate-Keeper v sektore obchodu  |c Lucia Folvarčíková 
520 |a Spojitosť teórie gate - keeper a nákupnej sily obchodných reťazcov. Etapa vývoja obchodu v spojitosti s teóriou gate - keeper prináša nasledovné závery - nadnárodné obchodné reťazce sú výsledkom koncentrácie, internacionalizácie a globalizácie v obchode. 
610 2 0 |a obchod 
610 2 0 |a stratégia obchodná 
610 2 0 |a reťazce obchodné 
610 2 0 |a obchod medzinárodný 
610 2 0 |a globalizácia 
610 2 0 |a internacionalizácia 
100 1 |a Folvarčíková, Lucia, 1982-